|
|
|
|
| LEADER |
01565cam a2200289 a 4500 |
| 001 |
4835882 |
| 003 |
GR-PaULI |
| 005 |
20210117210710.0 |
| 008 |
900723s1990 riu b 100 0 eng |
| 020 |
|
|
|a 0821851195
|
| 040 |
|
|
|a DLC
|c DLC
|d DLC
|b gre
|e AACR2
|
| 082 |
0 |
0 |
|a 512.5
|2 23
|
| 111 |
|
|
|a Conference on Lie Algebras and Related Topics
|d (1988 :
|c University of Wisconsin--Madison)
|9 170596
|
| 245 |
1 |
0 |
|a Lie algebras and related topics :
|b proceedings of a research conference held May 22-June 1, 1988, with support from the National Science Foundation /
|c Georgia Benkart and J. Marshall Osborn, editors.
|
| 260 |
|
|
|a Providence, R.I. :
|b American Mathematical Society,
|c c1990.
|
| 300 |
|
|
|a xxxvi, 313 σ. ;
|c 25 εκ.
|
| 490 |
1 |
|
|a Contemporary mathematics
|x 0271-4132
|v 110.
|
| 500 |
|
|
|a "The Conference on Lie Algebras and Related Topics was held at the University of Wisconsin, Madison on May 22-June 1, 1988"--T.p. verso.
|
| 504 |
|
|
|a Περιλαμβάνει βιβλιογραφικές παραπομπές.
|
| 650 |
|
4 |
|a Άλγεβρες του Lie
|9 228
|
| 700 |
1 |
|
|a Benkart, Georgia
|9 170597
|e επιμελήτρια.
|
| 700 |
1 |
|
|a Osborn, J. Marshall,
|d 1930-
|9 170598
|e επιμελητής.
|
| 830 |
|
|
|a Contemporary mathematics (American Mathematical Society) ;
|v 110.
|9 157130
|
| 942 |
|
|
|2 ddc
|c BKN
|
| 952 |
|
|
|0 0
|1 0
|2 ddc
|4 0
|6 Π_Σ_512_500000000000000_CON
|7 0
|9 225204
|a LISP
|b LISP
|c REF
|d 2018-08-02
|i 124106
|l 0
|o Π/Σ 512.5 CON
|p 025000038526
|r 2018-08-02 00:00:00
|t 1
|v 2018.00
|w 2018-08-02
|y BKN
|
| 998 |
|
|
|c ΜΠΟΥΡΑΣ
|d 2018-08
|
| 999 |
|
|
|c 135904
|d 135904
|